000 01150cam a2200229 4500
001 2599
005 20181127165337.0
008 061006s2007 nyuaf b 001 0 eng
010 _a 2006033620
020 _a1594201013
020 _a9781594201011
043 _an-us---
100 1 _aGreenburg, Jan Crawford.
245 1 0 _aSupreme conflict :
_bthe inside story of the struggle for control of the United States Supreme Court /
_cJan Crawford Greenburg.
260 _aNew York :
_bPenguin Press,
_c2007.
300 _a340 p., [16] p. of plates :
_bill. ;
_c25 cm.
504 _aIncludes bibliographical references (p. [321]-330) and index.
505 0 _aDay's end -- Settling for Tony -- False hopes -- The devil you don't -- ""The youngest, cruelest justice"" -- Change of heart -- The Clinton way -- The natural -- ""Except he's not a woman"" -- ""Trust me"" -- Deconstructing Miers -- A full count.
610 1 0 _aUnited States.
_bSupreme Court
_xOfficials and employees
_xSelection and appointment
_xHistory.
650 0 _aJudges
_xSelection and appointment
_zUnited States
_xHistory.
650 0 _aPolitical questions and judicial power
_zUnited States.
999 _c2064
_d2064